| 000 | 00640nab a2200193 4500 | ||
|---|---|---|---|
| 001 | 244442 | ||
| 003 | OSt | ||
| 005 | 20250805083131.0 | ||
| 007 | tu | ||
| 008 | 200917s2020||||||| | ||
| 040 |
_aDE-2950 _cDE-2950 |
||
| 245 | 0 | 0 |
_aEin Raum für die Kunst _bMieter. In den Lenné-Passagen in Frankfurt tut sich etwas: Dort, wo einst das C&A-Outlet war, zieht die Magistrale Kunsthalle ein/ _cRené Matschkowiak |
| 264 | _c2024 | ||
| 653 | _aFrankfurt (Oder) | ||
| 653 | _aMagistrale Kunsthalle | ||
| 653 | _aLenné-Passagen | ||
| 773 | 0 |
_g36. Jahrgang (2025) Nr. 176 vom 31.07.2025, S. 13 mit Foto _tMärkische Oderzeitung |
|
| 942 |
_2z _cA |
||
| 999 |
_c373936 _d373936 |
||